| 000 | 01265cam a2200313 a 4500 | ||
|---|---|---|---|
| 001 | 16274685 | ||
| 003 | ARRUPE | ||
| 005 | 20150327132457.0 | ||
| 008 | 100609s2010 ilu 000 0 eng | ||
| 010 | _a 2010024073 | ||
| 020 | _a9780829433029 | ||
| 020 | _a0829433023 | ||
| 035 | _a(OCoLC)ocn613430256 | ||
| 040 |
_aDLC _cDLC _dYDX _dBTCTA _dYDXCP _dDLC |
||
| 050 | 0 | 0 |
_aBX2170.M4 _bR64 2010 |
| 082 | 0 | 0 |
_a242/.642 _222 |
| 100 | 1 |
_aRohr, Richard. _915793 |
|
| 245 | 1 | 0 |
_aOn the threshold of transformation : _bdaily meditations for men / _cRichard Rohr ; compiled, selected, and edited by Joe Durepos and Tom McGrath. |
| 260 |
_aChicago : _bLoyola Press, _cc2010. |
||
| 300 |
_axx, 379 p. ; _c22 cm. |
||
| 650 | 0 |
_aCatholic men _vPrayers and devotions. _915794 |
|
| 650 | 0 |
_aDevotional calendars _xCatholic Church. _915795 |
|
| 650 | 0 |
_aMasculinity _xReligious aspects _xBaptists, [Catholic Church, etc.] _915796 |
|
| 700 | 1 |
_aDurepos, Joseph, _d1955- _915797 |
|
| 700 | 1 |
_aMcGrath, Tom, _d1950- _915798 |
|
| 906 |
_a7 _bcbc _corignew _d1 _eecip _f20 _gy-gencatlg |
||
| 942 |
_2lcc _cMONOGRAPH |
||
| 999 |
_c122276 _d122276 |
||